000 01046nas a2200337 4500
001 BR2012008365
003 BR-BrBNA
005 20231205121450.0
007 ta
008 230509b bl.|||p| |||| 00| 00por d
040 _aBR-BrBNA
_bpor
_cBiblioteca Nacional de Agricultura
041 _a(En)
072 _aF08; P01
100 1 _aReis, G.L.
100 1 _aLana, A.M.Q.
100 1 _aMaurício, R.M.
100 1 _aQuinzeiro Neto, T.
100 1 _aMoreira, G.R.
100 1 _aLana, R.M.Q.
100 1 _aMachado, R.M.
100 1 _aMoreira, G.H.F.A.
245 1 _aThe role of silvopastoral systems in the 21 century
650 _aAGROSSILVICULTURA
650 _aPASTAGEM
650 _aDESMATAMENTO
650 _aIMPACTO AMBIENTAL
773 0 _tRevista Brasileira de Agropecuária Sustentável (Brazil)
_xISSN 2178-5317
_g(Jul 2011), v. 1(1) p. 167-178
_wBR2012008365
856 4 0 _uhttp://www.rbas.com.br/downloads.php?arquivo=pdf/revista_3_artigo_70.pdf
909 _a202311
_bLúcia
_c55
_dLúcia Elande
942 _2AGRIS
_n0
_cANA
999 _c223703
_d223703